[Event "Vicente Lopez ProAm 100 Years op"]
[Site "Buenos Aires"]
[Date "2022.10.18"]
[Round "9"]
[White "Mayeregger Gonzalez, Fiorella Allegra"]
[Black "Rivas Vaquero, Ramon"]
[Result "1/2-1/2"]
[WhiteElo "1367"]
[BlackElo "1529"]
[PlyCount "136"]
[EventDate "2022.10.11"]
[EventType "swiss"]
[EventRounds "9"]
[EventCountry "ARG"]
[SourceTitle "CBM 210 Extra"]
[Source "ChessBase"]
[SourceDate "2022.11.30"]
[SourceVersion "1"]
[SourceVersionDate "2022.11.30"]
[SourceQuality "1"]

1. Nf3 Nf6 2. c4 c5 3. e3 d5 4. d4 cxd4 5. exd4 Bg4 6. b3 e6 7. Be2 Bb4+ 8. Bd2 Qa5 9. Bxb4 Qxb4+ 10. Qd2 Qxd2+ 11. Nbxd2 Nc6 12. h3 Bh5 13. 0-0 0-0 14. Rad1 Rfd8 15. g4 Bg6 16. a3 a5 17. c5 Rab8 18. Bb5 Ne4 19. Bxc6 bxc6 20. Ne5 Nxd2 21. Rxd2 Rxb3 22. Nxc6 Ra8 23. Ne7+ Kf8 24. Nxg6+ hxg6 25. Ra1 Ke7 26. Kg2 Kd7 27. Raa2 Rh8 28. f3 g5 29. Rdb2 Rhb8 30. Rd2 f6 31. Kf2 Kc6 32. Re2 Re8 33. Re3 Rb1 34. Rae2 e5 35. dxe5 d4 36. Re4 d3 37. Rd2 Rb3 38. Re3 Rxa3 39. Rdxd3 Rxd3 40. Rxd3 Rxe5 41. Rc3 Rxc5 42. Ra3 Kb5 43. Ke3 Kb4 44. Ra1 Rc3+ 45. Ke4 a4 46. Rf1 a3 47. Kf5 a2 48. Kg6 Rxf3 49. Rxf3 a1Q 50. Kxg7 f5+ 51. Kg6 fxg4 52. hxg4 Qa8 53. Rf5 Kc3 54. Kxg5 Kd4 55. Kf4 Qc6 56. Kg5 Qe8 57. Kh4 Qe4 58. Kg5 Qg2 59. Kh5 Ke4 60. Kh4 Qd2 61. Kh5 Qd7 62. Kg5 Qh7 63. Rf4+ Ke5 64. Rf5+ Ke6 65. Rf6+ Kd7 66. Rf5 Qg7+ 67. Kh5 Ke6 68. Kh4 Qa1 1/2-1/2

[Event "Vicente Lopez ProAm 100 Years op"]
[Site "Buenos Aires"]
[Date "2022.10.17"]
[Round "8"]
[White "Rivas Vaquero, Ramon"]
[Black "Quiroga Ortiz, Isabella"]
[Result "0-1"]
[WhiteElo "1529"]
[BlackElo "1215"]
[PlyCount "60"]
[EventDate "2022.10.11"]
[EventType "swiss"]
[EventRounds "9"]
[EventCountry "ARG"]
[SourceTitle "CBM 210 Extra"]
[Source "ChessBase"]
[SourceDate "2022.11.30"]
[SourceVersion "1"]
[SourceVersionDate "2022.11.30"]
[SourceQuality "1"]

1. d4 Nf6 2. c4 g6 3. Nc3 Bg7 4. e4 d6 5. Nf3 0-0 6. h3 e5 7. d5 Nbd7 8. Be2 Ne8 9. g4 a5 10. g5 f6 11. h4 Nc5 12. h5 Kf7 13. Be3 Bd7 14. gxf6 Bxf6 15. hxg6+ hxg6 16. Qd2 Qc8 17. 0-0-0 Ke7 18. Rh7+ Kd8 19. Rdh1 Qb8 20. R1h6 Rg8 21. Bg5 Kc8 22. Rf7 Bxg5 23. Qxg5 c6 24. Rhh7 Qc7 25. Nh4 Qd8 26. Re7 Kc7 27. Bg4 Rg7 28. Rhxg7 Nxg7 29. Qf6 Nh5 30. Nxg6 Nxf6 0-1

[Event "Vicente Lopez ProAm 100 Years op"]
[Site "Buenos Aires"]
[Date "2022.10.16"]
[Round "7"]
[White "Avila, Federico"]
[Black "Rivas Vaquero, Ramon"]
[Result "1/2-1/2"]
[WhiteElo "1458"]
[BlackElo "1529"]
[PlyCount "100"]
[EventDate "2022.10.11"]
[EventType "swiss"]
[EventRounds "9"]
[EventCountry "ARG"]
[SourceTitle "CBM 210 Extra"]
[Source "ChessBase"]
[SourceDate "2022.11.30"]
[SourceVersion "1"]
[SourceVersionDate "2022.11.30"]
[SourceQuality "1"]

1. e4 d5 2. exd5 Qxd5 3. Nc3 Qa5 4. Nf3 Nf6 5. Be2 Bg4 6. d3 e6 7. Bd2 c6 8. a3 Nbd7 9. b4 Qc7 10. b5 c5 11. 0-0 Bd6 12. h3 Bh5 13. Ng5 Bxe2 14. Qxe2 Bf4 15. Nge4 Bxd2 16. Qxd2 0-0 17. Nxf6+ Nxf6 18. Rfe1 Rad8 19. Ne4 Nxe4 20. Rxe4 Rd4 21. Rxd4 cxd4 22. Rc1 Rc8 23. a4 Qc3 24. Qd1 b6 25. Kf1 Kf8 26. Ke2 e5 27. f3 Ke7 28. Qd2 f6 29. Qxc3 Rxc3 30. Kd2 f5 31. Ra1 Kd6 32. a5 Kc5 33. axb6 Kxb6 34. Ra6+ Kb7 35. Re6 Rc5 36. Re7+ Kb6 37. Rxg7 Rxb5 38. Rxh7 a5 39. Rh8 Kc5 40. Rc8+ Kb4 41. c3+ dxc3+ 42. Rxc3 a4 43. Kc2 Rb8 44. Kb2 Rg8 45. Rc4+ Kb5 46. g4 fxg4 47. fxg4 Rh8 48. Re4 Rxh3 49. Rxe5+ Kb4 50. Re4+ Kb5 1/2-1/2

[Event "Vicente Lopez ProAm 100 Years op"]
[Site "Buenos Aires"]
[Date "2022.10.14"]
[Round "4"]
[White "Ferreira, Sebastian"]
[Black "Rivas Vaquero, Ramon"]
[Result "1-0"]
[WhiteElo "1799"]
[BlackElo "1529"]
[PlyCount "74"]
[EventDate "2022.10.11"]
[EventType "swiss"]
[EventRounds "9"]
[EventCountry "ARG"]
[SourceTitle "CBM 210 Extra"]
[Source "ChessBase"]
[SourceDate "2022.11.30"]
[SourceVersion "1"]
[SourceVersionDate "2022.11.30"]
[SourceQuality "1"]

1. c4 Nf6 2. Nc3 d5 3. cxd5 Nxd5 4. e4 Nxc3 5. bxc3 e5 6. Nf3 Bd6 7. Bc4 Nc6 8. 0-0 0-0 9. h3 Na5 10. Be2 f5 11. exf5 Bxf5 12. Qa4 b6 13. d4 e4 14. Bg5 Qe8 15. Qxe8 Raxe8 16. Nd2 Bg6 17. Bg4 Bf5 18. Bh5 g6 19. Be2 Kg7 20. Rfe1 h6 21. Be3 g5 22. Rad1 Bf4 23. Nf1 Kg6 24. g3 Bd6 25. Kg2 h5 26. Bc1 Be6 27. d5 Bd7 28. Ba6 Ba4 29. Rd4 Bc5 30. Rxa4 Rxf2+ 31. Kh1 Ref8 32. Raxe4 c6 33. Be3 Kg7 34. Bxg5 cxd5 35. Re6 R2f3 36. Bh6+ Kg8 37. Bxf8 Kxf8 1-0

[Event "Valeria del Mar op"]
[Site "Valeria del Mar"]
[Date "2019.09.07"]
[Round "3.4"]
[White "Yepleue, Angel Omar"]
[Black "Rivas Vaquero, Ramon"]
[Result "1-0"]
[WhiteElo "2016"]
[BlackElo "1522"]
[PlyCount "91"]
[EventDate "2019.09.06"]
[EventType "swiss"]
[EventRounds "6"]
[EventCountry "ARG"]
[SourceTitle "EXT 2024"]
[Source "ChessBase"]
[SourceDate "2023.10.10"]
[SourceVersion "1"]
[SourceVersionDate "2023.10.10"]
[SourceQuality "1"]

1. e4 e6 2. d4 d5 3. e5 c5 4. c3 Qb6 5. Nf3 Nc6 6. Be2 f6 7. 0-0 cxd4 8. cxd4 f5 9. Nc3 Bd7 10. a3 Rc8 11. Na4 Qd8 12. b4 Nb8 13. Nc5 b6 14. Bg5 Qc7 15. Na6 Qb7 16. Qd3 Nh6 17. Bxh6 gxh6 18. Nxb8 Qxb8 19. Nh4 Be7 20. Bh5+ Kf8 21. Qh3 Rc7 22. Rfe1 Be8 23. Bf3 Qd8 24. Nxf5 exf5 25. Qxh6+ Kg8 26. Qe6+ Kg7 27. Bxd5 Qd7 28. Rac1 Qxe6 29. Bxe6 Rxc1 30. Rxc1 Bd8 31. Bxf5 Bg6 32. Bxg6 Kxg6 33. Rc8 Kf5 34. f3 Kf4 35. Kf2 Kf5 36. Ke2 Re8 37. b5 Ke6 38. Ra8 Kd5 39. Kd3 h6 40. a4 h5 41. g3 Rf8 42. f4 Be7 43. Rxa7 Bh4 44. Rd7+ Ke6 45. Rb7 Bxg3 46. Ke4 1-0

[Event "Valeria del Mar op"]
[Site "Valeria del Mar"]
[Date "2019.09.06"]
[Round "1.5"]
[White "Rivas Vaquero, Ramon"]
[Black "Garcia Quiroga, Maximiliano"]
[Result "1/2-1/2"]
[WhiteElo "1522"]
[BlackElo "1988"]
[PlyCount "65"]
[EventDate "2019.09.06"]
[EventType "swiss"]
[EventRounds "6"]
[EventCountry "ARG"]
[SourceTitle "EXT 2024"]
[Source "ChessBase"]
[SourceDate "2023.10.10"]
[SourceVersion "1"]
[SourceVersionDate "2023.10.10"]
[SourceQuality "1"]

1. e4 c5 2. Nf3 Nc6 3. Bb5 g6 4. 0-0 Bg7 5. Nc3 e6 6. Bxc6 bxc6 7. Re1 e5 8. h3 Ne7 9. d3 Rb8 10. Be3 d6 11. Qc1 h6 12. Ne2 Ba6 13. c4 f5 14. Rb1 f4 15. Bd2 0-0 16. b3 Bc8 17. Qa3 Qc7 18. Qa5 Rb6 19. b4 Qb8 20. b5 a6 21. a4 cxb5 22. axb5 Nc6 23. Qa2 Ne7 24. Ba5 Rb7 25. Nc3 axb5 26. Rxb5 Qa7 27. Rxb7 Bxb7 28. Bc7 Qxa2 29. Nxa2 Rf6 30. Rb1 Bc6 31. Nc3 Nc8 32. Rb8 Rf8 33. Nb5 1/2-1/2